Dřevěná stavba roku 2013 /

Enregistré dans:
Détails bibliographiques
Auteur principal: Polák, Stanislav (Auteur)
Format: Livre
Langue:tchèque
Publié: [s.l.] Nadace Dřevo pro život, 2013
Édition:1. vydanie
Sujets:
Tags: Ajouter un tag
Pas de tags, Soyez le premier à ajouter un tag!

MARC

LEADER 00000nam a22000003a 4500
001 0140073
003 SK-STU
005 20260211132444.6
007 ta
008 260211s ----xo-----e------000-0-----d
040 |a STU  |b slo 
041 0 |a cze 
044 |a xr 
100 1 |a Polák, Stanislav  |4 aut 
245 1 0 |a Dřevěná stavba roku 2013 /  |c aut. Stanislav Polák 
250 |a 1. vydanie 
260 |a [s.l.]  |b Nadace Dřevo pro život,  |c 2013 
300 |a nestr. 
650 0 7 |a drevené ihriská 
650 0 7 |a preliezky 
650 0 7 |a drevené konštrukcie 
650 0 7 |a drevostavby 
650 0 7 |a súčasná architektúra 
650 0 7 |a drevenice 
650 0 7 |a interiéry 
650 0 7 |a študentské projekty 
650 0 7 |a ceny a vyznamenania 
996 |b 284AU10595  |c A* 13769/U  |l AAKNAR  |s A  |a 24  |w 0140073_0001